Religiosidad popular en América Latina /
Uloženo v:
| Další autoři: | , |
|---|---|
| Médium: | Elektronický zdroj E-kniha |
| Jazyk: | španělština |
| Vydáno: |
Frankfurt/Main :
Vervuet,
[1988]
|
| Edice: | Americana Eystettensia. Kongressakten ;
4. |
| Témata: | |
| On-line přístup: | Digitalia Hispánica |
| Tagy: |
Přidat tag
Žádné tagy, Buďte první, kdo vytvoří štítek k tomuto záznamu!
|
MARC
| LEADER | 00000nam a2200000Ii 4500 | ||
|---|---|---|---|
| 001 | DIGIBE0847 | ||
| 003 | NyNyDIG | ||
| 006 | m o d | ||
| 007 | cr ||||||||||| | ||
| 008 | 220216s1988 gw a ob 000 0 spa d | ||
| 035 | |a (OCoLC)1100435002 | ||
| 040 | |a DGITA |b eng |e rda |e pn |c DGITA | ||
| 020 | |a 9783964567604 |q eBook |q pdf | ||
| 020 | |z 9783893549047 |q Vervuert | ||
| 043 | |a cl----- | ||
| 050 | 1 | 4 | |a BR660 ebook |
| 245 | 0 | 0 | |a Religiosidad popular en América Latina / |c Karl Kohut, Albert Meyers (eds.) |
| 264 | 1 | |a Frankfurt/Main : |b Vervuet, |c [1988] | |
| 300 | |a 1 online resource : |b illustrations. | ||
| 336 | |a text |b txt |2 rdacontent | ||
| 337 | |a computer |b c |2 rdamedia | ||
| 338 | |a online resource |b cr |2 rdacarrier | ||
| 347 | |a text file |2 rdaft | ||
| 347 | |b PDF | ||
| 490 | 1 | |a Americana Eystettensia. Serie A: Kongreßakten ; |v 4 | |
| 504 | |a Includes bibliographical references. | ||
| 500 | |a "Akten der Fachtagung 'Volksreligiotat in Lateinamerika' der Arbeitsgemeinschaft Deutsche Lateinamerika-Forschung vom 28.-31. Mai 1985 an der Katholischen Universitat Eichstatt." | ||
| 588 | 0 | |a Online resource; title from PDF title page (Digitalia, viewed February 16, 2022) | |
| 651 | 0 | |a Latin America |x Religion |v Congresses. | |
| 655 | 0 | |a Electronic books. | |
| 700 | 1 | |a Kohut, Karl, |d 1936- |e editor. | |
| 700 | 1 | |a Meyers, Albert, |e editor. | |
| 791 | 2 | |a Digitalia (Firm), |e distributor. | |
| 793 | 0 | |g Digitalia eBook Collection: |a Iberoamericana/Vervuert | |
| 776 | 0 | 8 | |i Print version: |t Religiosidad popular en América Latina. |d Frankfurt/Main : Vervuet, [1988] |z 9783893549047 |
| 830 | 0 | |a Americana Eystettensia. |n Serie A, |p Kongressakten ; |v 4. | |
| 856 | 4 | 0 | |3 Digitalia Hispánica |u https://digitalia.unach.elogim.com/a/101703/ |
| 910 | |a Premium collection: 2022 | ||